000 00552nam a2200193Ia 4500
003 STCL
008 230729s9999 xx 000 0 und d
020 _a9788187359364
_qHB
040 _aSTCL
_cSTCL
_bEN
082 _222
100 _aBhatnagar, K K; Gadeock, K K
245 0 _aUrban development and administration
260 _bAalekh Publishers
_aJaipur
_c2007
300 _a241 p
365 _b550
440 _aChanging contours of administration since independence Golden jubilee volume series-10
546 _aEnglish
942 _2DDC
_e22
_cBK
999 _c90107
_d90107